000 003810000a22001450004500
003 MACL
040 _aMACL
090 _c33091
_d33089
100 _aSinha, S.C.
245 _aMedical Study Package Physics
_bFor All India Medical CBSE, AIIMS, AFMC, CPMT and Other Pre Medical Exam
260 _bBright Careers
_c1998
350 _a165
650 _aPhysics
942 _cBOOK
_k530/Sin
999 _c32749
_d32749